|
|
|
|
| LEADER |
00000nab a2200000 ar4500 |
| 001 |
vtls008990033 |
| 003 |
SK-MaSNL |
| 005 |
20260318140659.0 |
| 008 |
070517c2007 xo wr|p|||||||000 b|slo |
| 038 |
|
|
|a KNKJS
|
| 040 |
|
|
|a KNKJS
|b slo
|c KNKJS
|e AACR2
|
| 041 |
0 |
|
|a hun
|
| 044 |
|
|
|a xo
|c SK
|
| 080 |
|
|
|a 614. 2
|2 2001
|
| 100 |
1 |
|
|a Böröczky, József
|4 aut
|9 326586
|
| 245 |
1 |
3 |
|a Az edzett főorvos is elgyengül néha
|b Nagyviziten a komáromi kórház osztályain - 10. rész
|c Böröczky József
|
| 300 |
|
|
|b Fotogr.
|
| 600 |
1 |
7 |
|a Šebo, Eduard
|2 knkjs
|9 809637
|
| 610 |
2 |
7 |
|a For life (Komárno, Slovensko)
|2 knkjs
|9 1128438
|
| 650 |
0 |
7 |
|a onkologické oddelenie
|2 knkjs
|9 1128893
|
| 651 |
|
7 |
|a Komárno (Slovensko)
|2 knkjs
|9 39168
|
| 773 |
0 |
|
|t Delta
|g Roč. V, č.20 (2007), s. 10
|
| 852 |
|
|
|a KNKJS
|b KIS3GCP
|
| 999 |
|
|
|c 1898137
|d 1900067
|